Normal view
MARC view
- Niazi, Kosar
Entry Personal Name
001 - CONTROL NUMBER
- control field: 24093
003 - CONTROL NUMBER IDENTIFIER
- control field: NUST
005 - DATE AND TIME OF LATEST TRANSACTION
- control field: 20191015182213.0
008 - FIXED-LENGTH DATA ELEMENTS
- fixed length control field: 191015|| aca||aabn | a|a d
040 ## - CATALOGING SOURCE
- Original cataloging agency: NUST
- Transcribing agency: NUST
100 ## - HEADING--PERSONAL NAME
- Personal name: Niazi, Kosar
670 ## - SOURCE DATA FOUND
- Source citation: Work cat.: (NUST): Niazi, Kosar, Aur Line Kat Gai
